|
|
|
|
| LEADER |
00812pam a22002298a 4500 |
| 001 |
00044031 |
| 005 |
20190410080445.0 |
| 008 |
110505s1997 ||||||Viesd |
| 020 |
# |
# |
|a 978 604 62 4948 1
|c 0
|
| 041 |
0 |
# |
|a Vie
|
| 082 |
1 |
# |
|a 387.520 959 7
|b B305V
|
| 100 |
1 |
# |
|a Nguyễn, Văn Kim
|
| 245 |
0 |
0 |
|a Biển Việt Nam và mối giao thương biển
|c Nguyễn Văn Kim
|
| 260 |
# |
# |
|a Hà Nội
|b Đại học quốc gia Hà Nội
|c 2018
|
| 300 |
# |
# |
|a 788 tr.
|c 21 cm
|
| 500 |
# |
# |
|a ĐTTS ghi: Đại học quốc Gia Hà Nội. Trường KHXH và NV
|
| 653 |
# |
# |
|a Biển
|
| 653 |
# |
# |
|a Giao thông vận tải
|
| 653 |
# |
# |
|a Việt Nam
|
| 852 |
# |
# |
|j KD.0025482
|
| 910 |
# |
# |
|d 10/4/2019
|
| 980 |
# |
# |
|a Trung tâm Học liệu Lê Vũ Hùng, Trường Đại học Đồng Tháp
|